Guide to laboratory establishment for plant nutrient analysis / (Record no. 14927)

000 -LEADER
fixed length control field 00631cam a2200193 a 4500
020 ## - INTERNATIONAL STANDARD BOOK NUMBER
ISBN 9789251059814 (pbk.)
020 ## - INTERNATIONAL STANDARD BOOK NUMBER
ISBN 9251059810 (pbk.)
040 ## - CATALOGING SOURCE
Transcribing agency UKM
082 04 - DEWEY DECIMAL CLASSIFICATION NUMBER
Classification number 572 FOO 2008 A061 Or.
100 1# - MAIN ENTRY--AUTHOR NAME
Personal name Motsara, M. R.
245 10 - TITLE STATEMENT
Title Guide to laboratory establishment for plant nutrient analysis /
260 ## - PUBLICATION, DISTRIBUTION, ETC. (IMPRINT)
Place of publication Rome :
Name of publisher Food and Agriculture Organization of the United Nations,
Year of publication 2008.
300 ## - PHYSICAL DESCRIPTION
Number of Pages xi, 204 p. :
Other physical details ill. ;
Dimensions 25 cm.
490 1# - SERIES STATEMENT
Series statement FAO fertilizer and plant nutrition bulletin,
650 #0 - SUBJECT ADDED ENTRY--TOPICAL TERM
Topical Term Plants
700 1# - ADDED ENTRY--PERSONAL NAME
Personal name Roy, R. N.
710 2# - ADDED ENTRY--CORPORATE NAME
Corporate name or jurisdiction name as entry element Food and Agriculture Organization of the United Nations.
942 ## - ADDED ENTRY ELEMENTS (KOHA)
Koha item type សៀវភៅភាសាអង់គ្លេស
952 ## - LOCATION AND ITEM INFORMATION (KOHA)
Withdrawn status [LOCAL, KOHA] 0
Holdings
Permanent Location Date acquired Koha item type Lost status Shelving location Barcode Current Location Full call number
Library Block A2017-11-01សៀវភៅភាសាអង់គ្លេស A061A27810Library Block A572 FOO 2008 A061 Or.
មជ្ឈមណ្ឌលឯការនៃសាកលវិទ្យាល័យភូមិន្ទកសិកម្មចំការដូង

Powered by Koha